BCIS civil engineering market report (Record no. 114483)

MARC details
000 -LEADER
fixed length control field 01062cam a22002415a 4500
001 - CONTROL NUMBER
control field L156912
008 - FIXED-LENGTH DATA ELEMENTS--GENERAL INFORMATION
fixed length control field 120730s2012 xxk f 000 0 eng d
035 ## - SYSTEM CONTROL NUMBER
System control number (Sirsi) u156912
041 0# - LANGUAGE CODE
Language code of text/sound track or separate title eng
110 2# - MAIN ENTRY--CORPORATE NAME
Corporate name or jurisdiction name as entry element Building Cost Information Services
9 (RLIN) 6102
245 00 - TITLE STATEMENT
Title BCIS civil engineering market report
Remainder of title may 2012
Medium [electronic resource]
260 ## - PUBLICATION, DISTRIBUTION, ETC.
Place of publication, distribution, etc. S.I
Name of publisher, distributor, etc. BCIS
Date of publication, distribution, etc. 2012
490 #0 - SERIES STATEMENT
Series statement BCIS Civil Engineering Market Report
Volume/sequential designation May 2012
505 2# - FORMATTED CONTENTS NOTE
Formatted contents note Summary -- Market size -- Trends in demand -- trends in costs -- Demand forecast -- Cost forecast -- Notes.
520 ## - SUMMARY, ETC.
Summary, etc. Gives an overview of the current state of the market, including trends and size, and includes predictions for the forthcoming year.
521 ## - TARGET AUDIENCE NOTE
Target audience note Advanced
650 24 - SUBJECT ADDED ENTRY--TOPICAL TERM
Topical term or geographic name entry element BCIS GENERAL BUILDING COST INDEX
650 24 - SUBJECT ADDED ENTRY--TOPICAL TERM
Topical term or geographic name entry element BCIS GENERAL CIVIL ENGINEERING INDEX
651 #4 - SUBJECT ADDED ENTRY--GEOGRAPHIC NAME
Geographic name England and Wales
Chronological subdivision 1543-
690 ## - LOCAL SUBJECT ADDED ENTRY--TOPICAL TERM (OCLC, RLIN)
Topical term or geographic name as entry element Cost management
9 (RLIN) 6233
856 40 - ELECTRONIC LOCATION AND ACCESS
Uniform Resource Identifier <a href="https://www.bcis.co.uk/downloads/Civil_Engineering_Market_Report_May_2012.pdf">https://www.bcis.co.uk/downloads/Civil_Engineering_Market_Report_May_2012.pdf</a>
Public note View this report free of charge at www.bcis.co.uk.
942 ## - ADDED ENTRY ELEMENTS (KOHA)
Suppress in OPAC 0
Holdings
Withdrawn status Lost status Source of classification or shelving scheme Damaged status Not for loan Home library Current library Shelving location Date acquired Total Checkouts Full call number Barcode Date last seen Copy number Price effective from Koha item type
    Dewey Decimal Classification     London London Online 30/07/2012   ONLINE PUBLICATION 156912-1001 06/08/2019 1 06/08/2019 Book